City Profile: Berlin Quiz Stats

 Plays Quiz Updated Oct 16, 2017

Challenge
Share
Tweet
Embed
Score 0/30 Timer 06:00
5 Plays Today
Category Berlin Fact % Correct
CountryGermany
99.3%
Flag ColorRed
94.9%
Flag ColorBlack
93.5%
Population (in millions)3 million
85.6%
Famous GateBrandenburg Gate
84.5%
Flag ColorWhite
84.1%
Year the Berlin Wall Fell1989
83.6%
DemonymBerliner, Berlinerin
77.8%
Speaker of 'Ich bin ein Berliner.' John F. Kennedy
75.6%
Year the Berlin Wall Was Constructed1961
74.4%
# of Districts12
72.6%
Olympic Host Year1936
72.5%
Speaker of 'Tear down this wall!' Ronald Reagan
70.6%
Occupation Zone Countries (Name Any)United States, United Kingdom, France, USSR
66.4%
Name of German Parliament Building in BerlinReichstag
63.5%
Category Berlin Fact % Correct
Year Berlin Became Capital of Federal Republic of Germany1990
60.6%
Biggest StadiumOlympic Stadium
49.3%
Symbol on Flag/Coat of ArmsBear
43.6%
Either of Berlin's Two Most Famous Soccer ClubsHertha BSC, Union Berlin
36.5%
Longest River That Passes Through CitySpree
36.2%
Tallest StructureFernsehturm
32.1%
Either of Berlin's Operational AirportsBerlin Tegel Airport, Berlin Schönefeld Airport
28.8%
Central Square of East BerlinAlexanderplatz
28%
Major Central ParkGroßer Tiergarten
24.2%
Current MayorMichael Müller
19%
Monument to commemorate the Prussian victory in the Danish-Prussian WarVictory Column
18%
Professional Basketball TeamAlba Berlin
14.8%
Name of German Presidential Residence in BerlinBellevue Palace
13.2%
Central Boulevard of West BerlinKurfürstendamm
12.8%
Iconic bridge linking boroughs formerly divided by Berlin WallOberbaumbrücke
11.3%

You're not logged in!

Compare scores with friends on all Sporcle quizzes.
Join for Free
OR
Log In

You Might Also Like...

Show Comments

Extras

Top Quizzes Today


Score Distribution

Your Account Isn't Verified!

In order to create a playlist on Sporcle, you need to verify the email address you used during registration. Go to your Sporcle Settings to finish the process.

Report this User

Report this user for behavior that violates our Community Guidelines.

Details: